Ini Buku Seram! / (No. rekod 1831)

000 -LEADER
fixed length control field 01204pam a2200229 i 4500
003 - CONTROL NUMBER IDENTIFIER
control field KPN
005 - DATE AND TIME OF LATEST TRANSACTION
control field 20260427114501.0
008 - FIXED-LENGTH DATA ELEMENTS--GENERAL INFORMATION
fixed length control field 20260427b 00| 0 my d
020 ## - INTERNATIONAL STANDARD BOOK NUMBER
International Standard Book Number 9789674062446
Qualifying information paperback
Terms of availability RM20.00
040 ## - CATALOGING SOURCE
Transcribing agency KPN
082 04 - DEWEY DECIMAL CLASSIFICATION NUMBER
Classification number BM FD RES 2017
Edition number 23
090 00 - LOCALLY ASSIGNED LC-TYPE CALL NUMBER (OCLC); LOCAL CALL NUMBER (RLIN)
Classification number (OCLC) (R) ; Classification number, CALL (RLIN) (NR) BM FD RES 2017
Local cutter number (OCLC) ; Book number/undivided call number, CALL (RLIN) RES
100 0# - MAIN ENTRY--PERSONAL NAME
Personal name Resmanshah,
Relator term author.
245 10 - TITLE STATEMENT
Title Ini Buku Seram! /
Statement of responsibility, etc. Resmanshah
264 #1 - PRODUCTION, PUBLICATION, DISTRIBUTION, MANUFACTURE, AND COPYRIGHT NOTICE
Place of production, publication, distribution, manufacture Cheras, Selangor :
Name of producer, publisher, distributor, manufacturer KarnaDya Publishing Sdn Bhd.,
Date of production, publication, distribution, manufacture, or copyright notice 2017
300 ## - PHYSICAL DESCRIPTION
Extent 219 pages;
Dimensions 18 cm
521 ## - TARGET AUDIENCE NOTE
Target audience note Baca atas risiko sendiri...<br/>Tak percaya cubalah...<br/><br/>Bersiap untuk menghantui diri anda lagi dengan cerita yang lebih seram hingga membuatkan anda semua berasa menyesal dan geram sakan. Keseraman jalan cerita yang ada di dalam buku kali ini lebih mantap dan lebih mengelirukan. Pasti ada yang terkeliru atau mungkin juga ada yang terasa menyesal kerana sudah membaca buku ini. Menyesal kerana kisah-kisah seram di dalam buku ini pasti akan terus menghantui hidup anda sehingga anda mahu menceritakannya kepada rakan taulan, saudara-mara, atau mungkin kepada sesiapa saja yang bertembung dengan anda.
546 ## - LANGUAGE NOTE
Language note Text in malay
650 10 - SUBJECT ADDED ENTRY--TOPICAL TERM
Topical term or geographic name entry element Short stories, Malay
Topical term or geographic name entry element Malay fiction
942 ## - ADDED ENTRY ELEMENTS (KOHA)
Source of classification or shelving scheme
Koha item type Book
Suppress in OPAC No
Pemilik
Withdrawn status Lost status Source of classification or shelving scheme Damaged status Not for loan Collection code Home library Current library Shelving location Date acquired Total Checkouts Full call number Barcode Date last seen Price effective from Koha item type
          Fiction Perpustakaan Kementerian Perpaduan Malaysia Perpustakaan Kementerian Perpaduan Malaysia Fiction Rack 27/04/2026   BM FD RES 2017 KPN26040064 27/04/2026 27/04/2026 Book